All Hindia songs by album (indonesian singer) - Statistics

General Stats
  • This quiz has been taken 31 times
  • The average score is 23 of 60
Answer Stats
Album Answer % Correct
Menari dengan Bayangan (2019) Evaluasi
85%
Menari dengan Bayangan (2019) Rumah Ke Rumah
80%
Lagipula Hidup Akan Berakhir (2023) Cincin
75%
Menari dengan Bayangan (2019) Evakuasi
70%
Menari dengan Bayangan (2019) Membasuh
65%
Menari dengan Bayangan (2019) Untuk Apa / Untuk Apa?
65%
Doves, '25 on Blank Canvas (2025) everything u are
60%
Lagipula Hidup Akan Berakhir (2023) Nabi Palsu
60%
Menari dengan Bayangan (2019) Secukupnya
60%
Menari dengan Bayangan (2019) Dehidrasi
55%
Lagipula Hidup Akan Berakhir (2023) Janji Palsu
55%
Lagipula Hidup Akan Berakhir (2023) Kita Ke Sana
55%
Doves, '25 on Blank Canvas (2025) betty
50%
Lagipula Hidup Akan Berakhir (2023) WAWANCARA LIAR PT.1
50%
Lagipula Hidup Akan Berakhir (2023) WAWANCARA LIAR PT.2
50%
Lagipula Hidup Akan Berakhir (2023) WAWANCARA LIAR PT.3
50%
Lagipula Hidup Akan Berakhir (2023) WAWANCARA LIAR PT.4
50%
Lagipula Hidup Akan Berakhir (2023) Bayangkan
45%
Doves, '25 on Blank Canvas (2025) (kamis)
45%
Menari dengan Bayangan (2019) Mata Air
45%
Doves, '25 on Blank Canvas (2025) (mimi)
45%
Lagipula Hidup Akan Berakhir (2023) Satu Hari Lagi
45%
Menari dengan Bayangan (2019) Wejangan Caca
45%
Menari dengan Bayangan (2019) Wejangan Mama
45%
Lagipula Hidup Akan Berakhir (2023) Apa Kabar, Ayah?
40%
Doves, '25 on Blank Canvas (2025) harga satu pil
40%
Doves, '25 on Blank Canvas (2025) hated in the Nation
40%
Doves, '25 on Blank Canvas (2025) kids
40%
Doves, '25 on Blank Canvas (2025) letdown
40%
Doves, '25 on Blank Canvas (2025) loved by You
40%
Lagipula Hidup Akan Berakhir (2023) Pesisir
40%
Lagipula Hidup Akan Berakhir (2023) Bayangkan Jika Kita Tidak Menyerah
35%
Lagipula Hidup Akan Berakhir (2023) Forgot Password
35%
Lagipula Hidup Akan Berakhir (2023) Iya... Sebentar
35%
Menari dengan Bayangan (2019) Jam Makan Siang
35%
Lagipula Hidup Akan Berakhir (2023) perseverance (in the face of grief)
35%
Doves, '25 on Blank Canvas (2025) semua lagu cinta terdengar sama
35%
Lagipula Hidup Akan Berakhir (2023) Siapa Yang Akan Datang Ke Pemakamanmu
35%
Menari dengan Bayangan (2019) Apapun Yang Terjadi
30%
Lagipula Hidup Akan Berakhir (2023) Masalah Masa Depan
30%
Lagipula Hidup Akan Berakhir (2023) Matahari Tenggelam
30%
Lagipula Hidup Akan Berakhir (2023) Perkara Tubuh
30%
Lagipula Hidup Akan Berakhir (2023) Selebrisik
30%
Menari dengan Bayangan (2019) Voice Note Anggra
30%
Doves, '25 on Blank Canvas (2025) YAAYO
30%
Lagipula Hidup Akan Berakhir (2023) Alexandra
25%
Menari dengan Bayangan (2019) Besok Mungkin Kita Sampai
25%
Lagipula Hidup Akan Berakhir (2023) Bunuh Idolamu
25%
Lagipula Hidup Akan Berakhir (2023) Ibel
25%
Lagipula Hidup Akan Berakhir (2023) Malaikat Berputar Diatas Pencakar Langit
25%
Menari dengan Bayangan (2019) Belum Tidur
20%
Lagipula Hidup Akan Berakhir (2023) I'm Not A Robot/CAPTCHA
20%
Lagipula Hidup Akan Berakhir (2023) Jangan Jadi Pahlawan
20%
Lagipula Hidup Akan Berakhir (2023) Kami Khawatir, Kawan
20%
Doves, '25 on Blank Canvas (2025) anak itu belum pulang
15%
Doves, '25 on Blank Canvas (2025) a feeling
10%
Lagipula Hidup Akan Berakhir (2023) Berdansalah, Karier Ini Tak Ada Artinya
10%
Doves, '25 on Blank Canvas (2025) the world is ending all over again
10%
Doves, '25 on Blank Canvas (2025) aku berharap ini tak terjadi kepadamu
5%
Lagipula Hidup Akan Berakhir (2023) Nanti?
5%
No matching quizzes found
Score Distribution
Percent of People with Each Score
Percentile by Number Answered
Your Score History
You have not taken this quiz